Famous Captains by Picture Quiz Stats

 Plays Quiz Updated Jun 1, 2012

Also try: Fictional Pirates
Challenge
Share
Tweet
Score 0/25 Timer 04:00
0 Plays Today
% Correct
Captain America
97.9%
Captain James Hook
97.8%
Captain Jack Sparrow
90.5%
Captain James T. Kirk
88.1%
Cap'n Crunch
85.5%
Captain Morgan
83.7%
Captain Underpants
71.7%
Captain Jean-Luc Picard
57.8%
Captain Planet
51.7%
Captain Kangaroo
46%
Captain Caveman
43.3%
Captain Ahab
39.4%
Captain Georg Von Trapp
31.3%
% Correct
Captain Falcon
22.8%
Captain Marvel
21.1%
Captain James Cook
20.9%
Captain Quint
14.2%
Captain Pugwash
12%
Captain Bligh
10.8%
Captain Horatio McCallister
10.8%
Captain Haddock
10.6%
Captain Price
8.1%
Captain Beefheart
5.3%
Captain Qwark
2.6%
Captain Obvious
2.1%

You're not logged in!

Compare scores with friends on all Sporcle quizzes.
Join for Free
OR
Log In

You Might Also Like...

Show Comments

Extras

Top Quizzes Today


Score Distribution

Your Account Isn't Verified!

In order to create a playlist on Sporcle, you need to verify the email address you used during registration. Go to your Sporcle Settings to finish the process.

Report this User

Report this user for behavior that violates our Community Guidelines.

Details: